00321nam a2200145Ia 45000030006000000050017000060080041000230400009000640410012000730820017000851000008001022450043001102600014001533000008001670Nust20170105110255.0161124s9999 xx 000 0 und d cIGIS aEnglish a910.285bESR aESR aArc GIS 9 Getting Started with Arc GIS aUSAc2004 a265